German names for cities - Statistics

General Stats
  • This quiz has been taken 22 times
  • The average score is 8 of 12
Answer Stats
German name Answer % Correct
Peking Beijing
100%
Köln Cologne
100%
München Munich
95%
Wien Vienna
95%
Athen Athens
91%
Danzig Gdansk
86%
Venedig Venice
82%
Breslau Wrocław
59%
Mailand Milan
55%
Adrianopel Edirne
27%
Hermmanstadt Sibiu
27%
Fünfkirchen Pecs
14%
No matching quizzes found
Score Distribution
Percent of People with Each Score
Percentile by Number Answered
Your Score History
You have not taken this quiz